000 00250nam a2200109Ia 4500
008 190216s9999||||xx |||||||||||||| ||und||
100 _aAggarwal Rs
245 0 _aQuantitative Aptitude
260 _bS Chand & Co
_c2012
300 _a726
942 _cREF
999 _c37075
_d37075